| 000 | 00983nam a2200301 i 4500 | ||
|---|---|---|---|
| 005 | 20220317001739.0 | ||
| 007 | ta | ||
| 008 | 170328s2013 c ao gr 000 0 spa d | ||
| 020 | _a9789588727837 | ||
| 040 |
_aCO-BoRNBP _bspa _erda _cCO-BoRNBP |
||
| 041 | 0 | _aspa | |
| 043 | _as-ck--- | ||
| 082 | 0 | 4 |
_a781.66 _bW34r _223 |
| 100 | 1 |
_aWilson, Pablito, _d1985- , _eautor |
|
| 245 | 1 | 0 |
_aRock colombiano _b100 discos - 50 años de historia _cPablito Wilson |
| 250 | _aPrimera edición | ||
| 264 | 1 |
_aBogotá _bEdiciones B _c2013 |
|
| 300 |
_a249 páginas _bilustraciones, fotografías en blanco y negro _c23 cm |
||
| 336 |
_atexto _btxt _2rdacontent |
||
| 337 |
_asin mediación _bn _2rdamedia |
||
| 338 |
_avolumen _bnc _2rdacarrier |
||
| 500 | _aIncluye glosario | ||
| 504 | _aIncluye datos biográficos del autor | ||
| 650 | 1 | 7 |
_aCultura popular _2ARMARC |
| 650 | 1 | 7 |
_aGrupos de rock _xHistoria _zBogota (Colombia) _2ARMARC |
| 650 | 1 | 7 |
_aMúsica rock _xHistoria _2ARMARC |
| 942 |
_2ddc _cBK |
||
| 999 |
_c7950 _d7950 |
||